Lanean...

ഒന്ന് വച്ചാല്‍ രണ്ട് കിട്ടും

Xehetasun bibliografikoak
Egile Nagusiak: വേളൂര്‍ കൃഷണന്‍കുട്ടി, Veloor Krishnankutty
Formatua: Printed Book
Argitaratua: Trichur; Current Books; 1989
Edizioa:1st
Gaiak:
LEADER 00852nam a22001817a 4500
082 |a 894.M301  |b KRI5/O K9;1 
100 |a വേളൂര്‍ കൃഷണന്‍കുട്ടി;  |9 49833 
100 |a Veloor Krishnankutty  |9 49834 
240 |a Onnuvachal randukittum 
245 |a ഒന്ന് വച്ചാല്‍ രണ്ട് കിട്ടും 
250 |a 1st 
260 |a Trichur;  |b Current Books;  |c 1989 
300 |a 113p. 
650 |a മലയാളം; മലയാളം സാഹിത്യം; മലയാളം ചെറുകഥകള്‍  |9 49835 
650 |a Malayalam Literature; Malayalam Short Stories  |9 49836 
942 |c BK 
999 |c 37780  |d 37780 
952 |0 0  |1 0  |4 0  |6 894_000000000000000_M301_KRI_5_0_K91  |7 0  |8 STO  |9 42493  |a MAL  |b MAL  |d 2015-06-18  |e 11608  |g 2.00  |l 0  |o 894.M301 KRI 5/0 K9;1  |p MAL011608  |r 2015-06-18  |t 1  |w 2015-06-18  |y BK